BIBLIOTECA “JULIO CORTÁZAR”
ESCUELA AGROTÉCNICA “LIBERTADOR GENERAL SAN MARTÍN” - UNR – CASILDA

Logo Escuela Logo UNR

Reglamento de fútbol : (Record no. 2119)

MARC details
000 -LEADER
campo de control de longitud fija 00683nam#a22002775a#4500
001 - NÚMERO DE CONTROL
campo de control 2119
008 - DATOS DE LONGITUD FIJA--INFORMACIÓN GENERAL
campo de control de longitud fija 130627s2011####ag#a###g######001#0#spa#d
020 ## - NÚMERO INTERNACIONAL ESTÁNDAR DEL LIBRO
Número Internacional Estándar del Libro 9789505312658
080 ## - NÚMERO DE LA CLASIFICACIÓN DECIMAL UNIVERSAL
Número de la Clasificación Decimal Universal 796.332(060.13)
084 ## - OTRO NÚMERO DE CLASIFICACIÓN
Número de clasificación R35
040 ## - FUENTE DE CATALOGACIÓN
Centro catalogador/agencia de origen AR-ClEAG
Centro/agencia transcriptor AR-ClEAG
005 - FECHA Y HORA DE LA ÚLTIMA TRANSACCIÓN
campo de control 20241107184734.0
003 - IDENTIFICADOR DE NÚMERO DE CONTROL
campo de control AR-ClEAG
245 00 - MENCIÓN DEL TÍTULO
Título Reglamento de fútbol :
Resto del título 2011-2012.
250 ## - MENCION DE EDICION
Mención de edición 1ª ed.
260 ## - PUBLICACIÓN, DISTRIBUCIÓN, ETC.
Lugar de publicación, distribución, etc. Buenos Aires :
Nombre del editor, distribuidor, etc. Stadium,
Fecha de publicación, distribución, etc. 2011.
300 ## - DESCRIPCIÓN FÍSICA
Extensión 64 p. :
Otras características físicas il. byn. ;
Dimensiones 17 cm.
490 0# - MENCIÓN DE SERIE
Mención de serie Reglamentos ;
Designación de volumen o secuencia no. 7
653 ## - TÉRMINO DE INDIZACIÓN--NO CONTROLADO
Término no controlado Fútbol
653 ## - TÉRMINO DE INDIZACIÓN--NO CONTROLADO
Término no controlado Reglamentos
653 ## - TÉRMINO DE INDIZACIÓN--NO CONTROLADO
Término no controlado Deporte
653 ## - TÉRMINO DE INDIZACIÓN--NO CONTROLADO
Término no controlado Juegos de pelota
653 ## - TÉRMINO DE INDIZACIÓN--NO CONTROLADO
Término no controlado Educación física
710 2# - ENTRADA AGREGADA--NOMBRE DE ENTIDAD CORPORATIVA
Nombre de entidad corporativa o nombre de jurisdicción como elemento de entrada Stadium.
942 ## - ELEMENTOS DE ENTRADA SECUNDARIOS (KOHA)
Tipo de ítem Koha Libros
980 ## - EQUIVALENCIA O REFERENCIA-CRUZADA-MENCIÓN DE SERIE--NOMBRE DE PERSONA/TÍTULO [LOCAL, CANADÁ]
Enlace 2
Nombre de persona Evangelina Gallicchio
Enlace entre campo y número de secuencia 2
Información miscelánea Evangelina Gallicchio
Holdings
Estatus retirado Estado de pérdida Fuente del sistema de clasificación o colocación Estado de daño No para préstamo Biblioteca de origen Biblioteca actual Ubicación en estantería Fecha de adquisición Número de inventario Total de préstamos Signatura topográfica completa Código de barras Visto por última vez Precio de reemplazo Tipo de ítem Koha
    Clasificación decimal universal     Julio Cortázar Julio Cortázar   07/11/2024 4044   R7 796.332(060.13) R35 Ej.1 4044 07/11/2024 07/11/2024 Libros

Contacto

Biblioteca Julio Cortázar. Escuela Agrotécnica "Libertador San Martín". Universidad Nacional de Rosario
Dirección: Ov. Lagos 1000 - 2170 Casilda - Santa Fe - Argentina
Tel: (54) (03464) 422226.
Fax: (54) (03464) 427789.
E-Mail: biblio-eac@unr.edu.ar